Emergence: from chaos to order (Record no. 4387)

000 -LEADER
fixed length control field 00575 a2200157 4500
020 ## - INTERNATIONAL STANDARD BOOK NUMBER
International Standard Book Number 0738201421
040 ## - CATALOGING SOURCE
Original cataloging agency DLC
Language of cataloging DLC
082 ## - DEWEY DECIMAL CLASSIFICATION NUMBER
Classification number 006.3
100 1# - MAIN ENTRY--PERSONAL NAME
Personal name Holland, John H.
245 10 - TITLE STATEMENT
Title Emergence: from chaos to order
Remainder of title from chaos to order
Statement of responsibility, etc. John H. Holland.
260 ## - PUBLICATION, DISTRIBUTION, ETC.
Place of publication, distribution, etc. Reading, MA :
Name of publisher, distributor, etc. Perseus Books,
Date of publication, distribution, etc. 1999.
300 ## - PHYSICAL DESCRIPTION
Extent p. ;
Dimensions cm.
856 42 - ELECTRONIC LOCATION AND ACCESS
Materials specified Publisher description
Uniform Resource Identifier <a href="http://www.loc.gov/catdir/enhancements/fy0833/99060010-d.html">http://www.loc.gov/catdir/enhancements/fy0833/99060010-d.html</a>
856 42 - ELECTRONIC LOCATION AND ACCESS
Materials specified Contributor biographical information
Uniform Resource Identifier <a href="http://www.loc.gov/catdir/enhancements/fy0833/99060010-b.html">http://www.loc.gov/catdir/enhancements/fy0833/99060010-b.html</a>
942 ## - ADDED ENTRY ELEMENTS (KOHA)
Koha item type Book
Call number prefix 006.3 HOL
Source of classification or shelving scheme
Holdings
Withdrawn status Lost status Damaged status Not for loan Collection code Permanent Location Current Location Shelving location Date acquired Source of acquisition Cost, normal purchase price Total Checkouts Full call number Barcode Date last seen Price effective from Koha item type
          Central Library (CL) Central Library (CL) First Floor - Artificial Intelligence/Data Mining 02/28/2005 Progressive International Agencies 1120.93   006.3 HOL SEECS005320 11/14/2012 01/05/2017 Book
© 2023 Central Library, National University of Sciences and Technology. All Rights Reserved.